[Event "TCh-TUR Super League 2015"]
[Site "Kocaeli TUR"]
[Date "2015.08.05"]
[Round "2.2"]
[Board "7"]
[White "Acar, Utku Cengiz"]
[Black "Dedebas, Emre Emin"]
[Result "0-1"]
[WhiteElo "1930"]
[BlackElo "1975"]
[WhiteTeam "Akdeniz Belediyesi Sports Club"]
[BlackTeam "T.S Alyans Satranc Sports Club"]
[WhiteFideId "6358900"]
[BlackFideId "6349005"]
[EventDate "2015.08.04"]

1. e4 e5 2. Nc3 Nf6 3. g3 d5 4. exd5 Nxd5 5. Bg2 Nxc3 6. bxc3 Nc6 7. d3 Bc5 8.
Nf3 O-O 9. O-O Bg4 10. h3 Bh5 11. Rb1 Bb6 12. Qe1 Re8 13. Nh4 Qd7 14. Qe4 Qe6
15. a4 Qf6 16. Be3 Rab8 17. Rbe1 h6 18. Bxb6 axb6 19. f4 Qd8 20. f5 f6 21. Ng6
Bxg6 22. fxg6 Qd6 23. h4 Rbd8 24. g4 Qc5+ 25. Kh2 Qxc3 26. g5 Rd4 27. Qf5 Rxh4+
28. Kg3 Rh5 29. Qd7 Rxg5+ 30. Kh2 Rh5+ 31. Kg3 Rg5+ 32. Kh2 Rf8 33. Re2 Qd4 34.
Qe6+ Kh8 0-1

[Event "TCh-TUR Super League 2015"]
[Site "Kocaeli TUR"]
[Date "2015.08.05"]
[Round "2.2"]
[Board "8"]
[White "Ozbay, Ece"]
[Black "Temel, Burcu Melis"]
[Result "1/2-1/2"]
[WhiteTitle "WCM"]
[BlackTitle "WCM"]
[WhiteElo "1804"]
[BlackElo "1878"]
[WhiteTeam "T.S Alyans Satranc Sports Club"]
[BlackTeam "Akdeniz Belediyesi Sports Club"]
[WhiteFideId "6351743"]
[BlackFideId "6345492"]
[EventDate "2015.08.04"]

1. e4 d5 2. exd5 Qxd5 3. Nc3 Qd6 4. d4 c6 5. Be2 Nf6 6. Nf3 Bf5 7. Ne5 Nbd7 8.
Bf4 Qb4 9. Qd2 e6 10. Bf3 Be7 11. O-O Nxe5 12. Bxe5 O-O-O 13. Rab1 g5 14. a3 Qa5
15. b4 Qxe5 16. dxe5 Rxd2 17. exf6 Bxf6 18. Ne4 Bxe4 19. Bxe4 Rd4 20. Bd3 h6 21.
Rfe1 Rhd8 22. Kf1 Kc7 23. Re4 R4d5 24. g4 Be7 25. h3 a5 26. Kg2 axb4 27. axb4 b5
28. Ra1 Kb7 29. Kf3 Rd4 30. Rb1 Bf6 31. Ke2 Rxe4+ 32. Bxe4 Rd4 33. f3 Kc7 34.
Rb3 Rc4 35. Kd3 Be5 36. c3 Bg7 37. Kd2 Kd6 38. Kd3 Ke5 39. Ke3 f5 40. Bd3 Rf4
41. Ra3 Kd5 42. Rb3 h5 43. Be2 Be5 44. Ra3 Bf6 45. Kd3 hxg4 46. hxg4 fxg4 47.
fxg4 e5 48. Ke3 e4 49. Rb3 Bd8 50. Ra3 Bf6 51. Rb3 Be5 52. Ra3 Rf8 53. c4+ bxc4
54. Ra5+ Kd6 55. Bxc4 Rf3+ 56. Kxe4 Rf4+ 57. Kd3 Rd4+ 58. Kc3 Rxg4+ 59. Kb3 Rg3+
60. Ka4 Bb2 61. Bb3 Rg4 62. Rc5 Rg1 63. Ba2 Bd4 64. Rc4 Bb6 65. Kb3 g4 66. Kb2
g3 67. Rg4 Be3 68. Rg6+ Kc7 69. Bc4 Bd4+ 70. Kc2 Be5 71. Be2 Bd6 72. Bf3 Rf1 73.
Be4 Rf2+ 74. Kd3 Rb2 75. Kc3 Be5+ 76. Kd3 Rb3+ 77. Ke2 Bd6 78. Rg7+ Kb6 79. Rg6
Kc7 80. Rg7+ Kb6 81. Rg6 Bxb4 82. Rxc6+ Kb5 83. Rg6 Bc5 84. Bd3+ 1/2-1/2

[Event "TCh-TUR Super League 2015"]
[Site "Kocaeli TUR"]
[Date "2015.08.05"]
[Round "2.3"]
[Board "2"]
[White "Benidze, Davit"]
[Black "Mchedlishvili, Mikheil"]
[Result "1/2-1/2"]
[WhiteTitle "GM"]
[BlackTitle "GM"]
[WhiteElo "2469"]
[BlackElo "2605"]
[WhiteTeam "Kahramanmaras Buyuksehir Belediye Sports Club"]
[BlackTeam "Tarsus Zeka Satranc Kulubu"]
[WhiteFideId "13603086"]
[BlackFideId "13600966"]
[EventDate "2015.08.04"]

1. Nf3 Nf6 2. g3 d5 3. c4 c6 4. cxd5 cxd5 5. Bg2 Nc6 6. d4 Bf5 7. O-O e6 8. Nc3
Be7 9. Bf4 O-O 10. Nh4 Bg6 11. Nxg6 hxg6 12. Bg5 Nd7 13. Bxe7 Qxe7 14. e3 Rfc8
15. Qe2 Nb6 1/2-1/2

[Event "TCh-TUR Super League 2015"]
[Site "Kocaeli TUR"]
[Date "2015.08.05"]
[Round "2.3"]
[Board "3"]
[White "Yurtseven, Ahmet Can"]
[Black "Soysal, Serkan"]
[Result "1/2-1/2"]
[WhiteTitle "FM"]
[BlackTitle "FM"]
[WhiteElo "2291"]
[BlackElo "2293"]
[WhiteTeam "Tarsus Zeka Satranc Kulubu"]
[BlackTeam "Kahramanmaras Buyuksehir Belediye Sports Club"]
[WhiteFideId "6300081"]
[BlackFideId "6349250"]
[EventDate "2015.08.04"]

1. d4 Nf6 2. Nf3 g6 3. Nbd2 c5 4. c3 cxd4 5. cxd4 d5 6. e3 Bg7 7. Bb5+ Bd7 8.
Bxd7+ Nbxd7 9. O-O O-O 10. b4 Rc8 11. a4 Nb6 12. Ne5 Ne4 13. Nxe4 dxe4 14. a5
Nc4 15. Nxc4 Rxc4 16. b5 Qd5 17. Ba3 Re8 18. Rb1 b6 19. Qe2 Bf6 20. Rfc1 Rec8
21. Rxc4 Rxc4 22. axb6 axb6 23. Rc1 Ra4 24. Qb2 Ra5 25. Rb1 Qa8 26. Bb4 Rxb5 27.
Qc2 h5 28. h3 Qd5 29. g3 Kh7 30. Kg2 Qe6 31. Be1 Rxb1 32. Qxb1 Qc6 33. Qb3 e6
34. Qa3 Kg7 35. Bb4 e5 36. Bf8+ Kh7 37. Qb3 Qe8 38. Qxb6 Qe6 1/2-1/2

[Event "TCh-TUR Super League 2015"]
[Site "Kocaeli TUR"]
[Date "2015.08.05"]
[Round "2.3"]
[Board "4"]
[White "Isik, Engin Yasar"]
[Black "Keler, Faruk"]
[Result "0-1"]
[WhiteElo "2188"]
[BlackElo "2286"]
[WhiteTeam "Kahramanmaras Buyuksehir Belediye Sports Club"]
[BlackTeam "Tarsus Zeka Satranc Kulubu"]
[WhiteFideId "6301886"]
[BlackFideId "6302734"]
[EventDate "2015.08.04"]

1. e4 c5 2. Nf3 d6 3. d4 cxd4 4. Nxd4 Nf6 5. Nc3 a6 6. Bc4 e6 7. Bb3 b5 8. O-O
Be7 9. Qf3 Qb6 10. Be3 Qb7 11. Qg3 O-O 12. Bh6 Ne8 13. Rfe1 Bf6 14. Rad1 Be5 15.
f4 Bxd4+ 16. Kh1 Bxc3 17. bxc3 Nd7 18. f5 Ndf6 19. e5 dxe5 20. Rd8 Qe7 21. Red1
exf5 0-1

[Event "TCh-TUR Super League 2015"]
[Site "Kocaeli TUR"]
[Date "2015.08.05"]
[Round "2.3"]
[Board "5"]
[White "Kaplan, Ebru"]
[Black "Isgandarova, Khayala"]
[Result "0-1"]
[BlackTitle "WIM"]
[WhiteElo "1902"]
[BlackElo "2245"]
[WhiteTeam "Tarsus Zeka Satranc Kulubu"]
[BlackTeam "Kahramanmaras Buyuksehir Belediye Sports Club"]
[WhiteFideId "6315194"]
[BlackFideId "13401823"]
[EventDate "2015.08.04"]

1. e4 e6 2. d4 d5 3. exd5 exd5 4. Bd3 Bd6 5. c3 Nc6 6. Nf3 Bg4 7. O-O Nge7 8.
Nbd2 Qd7 9. Re1 O-O-O 10. b4 Ng6 11. Qa4 Kb8 12. b5 Nce7 13. Ne5 Bxe5 14. dxe5
d4 15. c4 Nf4 16. Bf1 Neg6 17. c5 Qd5 18. b6 cxb6 19. cxb6 a6 20. Nc4 Bd7 21.
Qb3 Bc6 22. Qg3 Ne6 23. Nd6 Qa5 24. Ba3 Rd7 25. Nc4 Qd5 26. Bd6+ Ka8 27. Rab1
Ngf4 28. Rb3 d3 29. Ne3 Qa5 30. Bb4 Qxa2 31. Ra3 Qb2 32. Bd6 Rxd6 33. Rxa6+ bxa6
34. exd6 Qc3 35. f3 d2 0-1

[Event "TCh-TUR Super League 2015"]
[Site "Kocaeli TUR"]
[Date "2015.08.05"]
[Round "2.3"]
[Board "6"]
[White "Karaoglan, Kivanc"]
[Black "Komut, Burak"]
[Result "1-0"]
[WhiteElo "1981"]
[BlackElo "2007"]
[WhiteTeam "Kahramanmaras Buyuksehir Belediye Sports Club"]
[BlackTeam "Tarsus Zeka Satranc Kulubu"]
[WhiteFideId "6329152"]
[BlackFideId "6309984"]
[EventDate "2015.08.04"]

1. e4 e5 2. Nc3 Nf6 3. Bc4 Bc5 4. d3 O-O 5. Qf3 Nc6 6. Nge2 Nd4 7. Nxd4 exd4 8.
Nd5 Nxd5 9. Bxd5 c6 10. Bb3 Bb4+ 11. Kf1 d5 12. exd5 Qe7 13. Bf4 Re8 14. g4 Bd7
15. a3 Ba5 16. h3 Rac8 17. d6 Qf6 18. Kg2 c5 19. Bd5 h5 20. Bg3 Qxf3+ 21. Kxf3
b5 22. Bf4 h4 23. b3 Bc6 24. Bxc6 Rxc6 25. b4 cxb4 26. axb4 Bxb4 27. d7 Rd8 28.
Rxa7 Bc3 29. Ke4 Re6+ 30. Kd5 Rg6 31. Bd6 1-0

[Event "TCh-TUR Super League 2015"]
[Site "Kocaeli TUR"]
[Date "2015.08.05"]
[Round "2.3"]
[Board "7"]
[White "Sevgi, Volkan"]
[Black "Yaran, Siar"]
[Result "1/2-1/2"]
[WhiteTitle "FM"]
[BlackTitle "CM"]
[WhiteElo "2263"]
[BlackElo "2179"]
[WhiteTeam "Tarsus Zeka Satranc Kulubu"]
[BlackTeam "Kahramanmaras Buyuksehir Belediye Sports Club"]
[WhiteFideId "6325335"]
[BlackFideId "6323006"]
[EventDate "2015.08.04"]

1. e4 e5 2. Nf3 Nc6 3. Bc4 Bc5 4. c3 Nf6 5. d3 a6 6. Bb3 d6 7. O-O O-O 8. Be3
Qe7 9. Nbd2 Bxe3 10. fxe3 Be6 11. Qe1 Bxb3 12. axb3 d5 13. Nh4 dxe4 14. Nf5 Qe6
15. Qh4 exd3 16. Nxg7 Qg4 17. Qxf6 Qxg7 18. Ne4 Rad8 19. Qf5 Qg6 20. Nf6+ Kh8
21. Qf3 Rd6 22. Ne4 Rdd8 23. Nf6 Rd6 24. Ne4 Re6 25. Nc5 e4 26. Qf4 Re5 27. Nd7
Rg8 28. g3 Re7 29. Nf6 Rd8 30. c4 Nb4 31. Nxh7 f5 32. Ng5 d2 33. Qh4+ Kg7 34.
Rad1 Nd3 35. Nh3 Red7 36. Nf4 Nxf4 37. Qxf4 Rd3 38. Qxc7+ R8d7 39. Qc5 Qg5 40.
Qe5+ Qf6 41. Rxf5 Qxe5 42. Rxe5 Rxe3 43. Kf2 Rxb3 44. Rxe4 Rxb2 45. Ke2 Kf6 46.
Re3 Kf5 47. Rd3 Rh7 48. h4 Rc2 49. R1xd2 Rxc4 50. Kf3 Rf7 51. Rd6 Rc3+ 52. Kg2
Rg7 53. R2d5+ Ke4 54. Rd4+ Ke5 55. R4d5+ Ke4 56. Rd4+ Ke5 57. R6d5+ Ke6 58. Rd6+
Ke5 1/2-1/2

[Event "TCh-TUR Super League 2015"]
[Site "Kocaeli TUR"]
[Date "2015.08.05"]
[Round "2.3"]
[Board "8"]
[White "Ayan, Bengu Sena"]
[Black "Ayazmali, Gizem"]
[Result "1/2-1/2"]
[WhiteElo "1693"]
[BlackElo "1691"]
[WhiteTeam "Kahramanmaras Buyuksehir Belediye Sports Club"]
[BlackTeam "Tarsus Zeka Satranc Kulubu"]
[WhiteFideId "6346120"]
[BlackFideId "6336590"]
[EventDate "2015.08.04"]

1. e4 c5 2. Nc3 a6 3. f4 e6 4. Nf3 b5 5. d3 Bb7 6. e5 d5 7. exd6 Bxd6 8. Ne4 Be7
9. Be3 Nd7 10. Qe2 Ngf6 11. Bd2 O-O 12. Rd1 Nxe4 13. dxe4 Nf6 14. Ng5 Qc7 15. e5
Nd5 16. h4 g6 17. Qg4 h5 18. Qg3 Kg7 19. Bd3 Bxg5 20. Qxg5 Qe7 21. Qg3 c4 22.
Be2 Rh8 23. Bf3 Rab8 24. f5 exf5 25. Bxd5 Bxd5 26. Bg5 Qe6 27. Bf6+ Kh7 28. Bxh8
Rxh8 29. O-O Re8 30. Rfe1 Qb6+ 31. Kh2 Be4 32. Rd7 Qe6 33. Rd6 Qxe5 34. Qxe5
Rxe5 35. Rxa6 Rd5 36. Re2 Kg7 37. Rb6 Rd4 38. g3 Rd1 39. g4 Rh1+ 40. Kg3 hxg4
41. Rxe4 fxe4 42. Kxg4 Rf1 43. Rxb5 f6 44. Rb7+ Kh6 45. Kg3 Rf3+ 46. Kg2 Kh5 47.
a4 Kg4 48. Re7 f5 49. a5 e3 50. a6 f4 51. a7 Rf2+ 52. Kg1 Kg3 53. a8=Q e2 54.
Rxe2 Rxe2 55. Kf1 Rxc2 56. Qe4 Rxb2 57. Qxg6+ Kf3 58. Qh5+ Kg3 59. Qg5+ Kf3 60.
Qd5+ Kg3 61. Qxc4 Rb1+ 62. Ke2 f3+ 63. Kd2 Rb2+ 64. Ke3 Re2+ 65. Kd3 Rh2 66. Ke3
Re2+ 67. Kd3 Rh2 68. Ke3 Re2+ 69. Kd4 Kxh4 70. Kd3+ Kg3 71. Qc7+ Kg2 72. Qg7+
Kh2 73. Qh6+ Kg2 74. Qg5+ Kh2 75. Qh4+ Kg2 76. Qg4+ Kf2 77. Qh3 Re3+ 78. Kd2
Re2+ 79. Kd1 Re1+ 80. Kc2 Re2+ 81. Kd3 Re3+ 82. Kd4 Ke2 83. Qg4 Rd3+ 84. Ke5
Re3+ 85. Kf4 Ra3 86. Kg3 Re3 87. Kh2 Rd3 88. Kg3 Kd2 89. Kf2 Kc3 90. Qg7+ Kc2
91. Qa1 Kb3 92. Qb1+ Kc3 93. Qc1+ Kb3 94. Qc5 Rc3 95. Qb5+ Kc2 96. Qf5+ Kb3 97.
Qe4 Kb2 98. Qb4+ Kc2 99. Qe4+ Kb2 100. Qd4 Kc2 101. Ke1 Kb3 102. Qd1+ Kc4 103.
Kf2 Kb4 104. Qd4+ Kb3 105. Qd5+ Kb2 106. Qb5+ Kc2 107. Qa4+ Kd2 108. Qa2+ Kc1
109. Qa1+ Kc2 110. Qa4+ Kd2 111. Qe4 Kc1 112. Qb4 Kc2 113. Qf4 Kb2 114. Qa4 Kc1
115. Qd4 Kb2 116. Qd1 Ka3 117. Qa1+ Kb3 118. Qb1+ Ka3 119. Qb5 Ka2 1/2-1/2

[Event "TCh-TUR Super League 2015"]
[Site "Kocaeli TUR"]
[Date "2015.08.05"]
[Round "2.4"]
[Board "1"]
[White "Ahmetoglu, Ziya"]
[Black "Salgado Lopez, Ivan"]
[Result "0-1"]
[BlackTitle "GM"]
[WhiteElo "1943"]
[BlackElo "2615"]
[WhiteTeam "Ankara Demirspor Kulubu"]
[BlackTeam "Turk Hava Yollari (Thy) Sports Club"]
[WhiteFideId "6309259"]
[BlackFideId "2257327"]
[EventDate "2015.08.04"]

1. d4 Nf6 2. Nf3 c5 3. e3 b6 4. Bd3 Bb7 5. O-O g6 6. b3 Bg7 7. Bb2 O-O 8. Nbd2
cxd4 9. exd4 Nc6 10. a3 a6 11. Re1 b5 12. c4 bxc4 13. Nxc4 a5 14. Rc1 d6 15. Qd2
e6 16. Qf4 d5 17. Ncd2 Qb6 18. Rc5 Ba6 19. Bxa6 Qxa6 20. Rec1 Rfc8 21. h3 h6 22.
g4 Nd7 23. R5c2 Bf8 24. Kg2 Nd8 25. Qe3 Rxc2 26. Rxc2 Nc6 27. Rc1 Rc8 28. Ne1
Qb7 29. Nef3 Bg7 30. Qd3 Nf8 31. Qe3 Qb8 32. h4 Nd7 33. g5 h5 34. Ne1 Qb6 35.
Nef3 Rd8 36. Qf4 Ndb8 37. Rc2 Qa6 38. Qe3 Ne7 39. Rc5 Rc8 40. Rxc8+ Qxc8 41. Qc3
Nbc6 42. Ne5 Bxe5 43. dxe5 Qb7 44. Qc5 Nf5 45. Kh3 Qa6 46. Nf3 Qe2 47. Kg2 Qxb2
48. Qxc6 Qxa3 49. Qb6 Kg7 50. Qd8 Qb4 51. Qf6+ Kg8 52. Qd8+ Kh7 53. Ng1 Qg4+ 54.
Kf1 Qd1+ 55. Kg2 Nxh4+ 0-1

[Event "TCh-TUR Super League 2015"]
[Site "Kocaeli TUR"]
[Date "2015.08.05"]
[Round "2.4"]
[Board "2"]
[White "Dastan, Muhammed Batuhan"]
[Black "Severcan, Sedat Sabri"]
[Result "1-0"]
[WhiteTitle "IM"]
[WhiteElo "2448"]
[BlackElo "1819"]
[WhiteTeam "Turk Hava Yollari (Thy) Sports Club"]
[BlackTeam "Ankara Demirspor Kulubu"]
[WhiteFideId "6300014"]
[BlackFideId "6351395"]
[EventDate "2015.08.04"]

1. e4 e6 2. d4 d5 3. Nc3 Nf6 4. Bg5 dxe4 5. Nxe4 Nbd7 6. Nxf6+ Nxf6 7. Nf3 Be7
8. Bd3 h6 9. Bh4 a6 10. Qd2 Nd5 11. Bxe7 Qxe7 12. c3 c5 13. O-O-O cxd4 14. Nxd4
Qg5 15. g3 Qxd2+ 16. Rxd2 O-O 17. Re1 Nf6 18. Bf1 Bd7 19. Nb3 Rfc8 20. Na5 Rc7
21. Rd6 Rb8 22. Bg2 b6 23. Nc6 Bxc6 24. Rxc6 Rxc6 25. Bxc6 Kf8 26. Bf3 Ke7 27.
Kc2 a5 28. a4 Rc8 29. Bg2 Rc5 30. f4 g5 31. fxg5 hxg5 32. Kd3 g4 33. Re2 Rh5 34.
Bb7 Nd7 35. b4 Kd6 36. Kd4 e5+ 37. Kc4 Kc7 38. Bd5 f5 39. Be6 e4 40. Kd4 Nf8 41.
Bc4 Kd6 42. Rd2 Ne6+ 43. Ke3+ Ke7 44. Rb2 Nc7 45. Kf4 Kd6 46. Rd2+ Ke7 47. Ke5
Ne8 48. bxa5 bxa5 49. Bb5 Nd6 50. c4 Nf7+ 51. Kf4 Ng5 52. Rd5 Ne6+ 1-0

[Event "TCh-TUR Super League 2015"]
[Site "Kocaeli TUR"]
[Date "2015.08.05"]
[Round "2.4"]
[Board "3"]
[White "Arig, Busra"]
[Black "Melia, Salome"]
[Result "0-1"]
[BlackTitle "IM"]
[WhiteElo "1783"]
[BlackElo "2456"]
[WhiteTeam "Ankara Demirspor Kulubu"]
[BlackTeam "Turk Hava Yollari (Thy) Sports Club"]
[WhiteFideId "6309356"]
[BlackFideId "13602446"]
[EventDate "2015.08.04"]

1. d4 c5 2. Nf3 cxd4 3. Nxd4 g6 4. e4 Bg7 5. c3 Nc6 6. Be3 Nf6 7. Nd2 O-O 8. Bd3
Ne5 9. Bc2 d5 10. h3 dxe4 11. Nxe4 Nxe4 12. Bxe4 Nc4 13. Qc1 e5 14. Nb3 f5 15.
Bg5 Qd6 16. Bf3 e4 17. Be2 Be6 18. Bf4 Qb6 19. O-O a5 20. Rd1 a4 21. Bxc4 Bxc4
22. Nd4 Rfd8 23. Be3 Qa5 24. Bh6 Bh8 25. Qg5 Qe5 26. Qe3 Rd7 27. Bf4 Qe7 28. Bg5
Qf7 29. a3 Re8 30. Rd2 Be5 31. Bf4 Bf6 32. Rad1 Rd5 33. Nc2 Rd3 34. Qe1 g5 35.
Be3 f4 36. Bd4 Bxd4 37. Nxd4 Rxd2 38. Qxd2 e3 39. Qc1 h5 40. Re1 e2 41. Qd2 g4
42. hxg4 hxg4 43. g3 Qh5 44. Qxf4 Bd5 45. f3 gxf3 46. g4 Qh4 0-1

[Event "TCh-TUR Super League 2015"]
[Site "Kocaeli TUR"]
[Date "2015.08.05"]
[Round "2.4"]
[Board "6"]
[White "Baglan, Esat"]
[Black "Karaahmetoglu, Ege"]
[Result "1-0"]
[WhiteTitle "FM"]
[WhiteElo "2280"]
[BlackElo "2032"]
[WhiteTeam "Turk Hava Yollari (Thy) Sports Club"]
[BlackTeam "Ankara Demirspor Kulubu"]
[WhiteFideId "6309216"]
[BlackFideId "6361145"]
[EventDate "2015.08.04"]

1. e4 c5 2. Nf3 d6 3. d4 cxd4 4. Nxd4 Nf6 5. Nc3 a6 6. Bg5 e6 7. f4 Qc7 8. Qf3
b5 9. O-O-O b4 10. Nce2 Nbd7 11. Ng3 Bb7 12. Bd3 Qa5 13. Kb1 Be7 14. f5 Ne5 15.
Qe2 Nxd3 16. Rxd3 O-O 17. Rf1 Rfe8 18. Nb3 Qb5 19. Bxf6 Bxf6 20. Nh5 Qe5 21.
Nxf6+ Qxf6 22. Na5 Qe7 23. f6 gxf6 24. Nxb7 Qxb7 25. Rxf6 Kh8 26. e5 dxe5 27.
Qxe5 Qb5 28. Qxb5 axb5 29. Rxf7 Rf8 30. Rdd7 Rfd8 31. Rxh7+ Kg8 32. b3 Rdc8 33.
h4 Ra6 34. h5 e5 35. h6 Rg6 36. Rhg7+ Rxg7 37. Rxg7+ Kh8 38. Re7 1-0

[Event "TCh-TUR Super League 2015"]
[Site "Kocaeli TUR"]
[Date "2015.08.05"]
[Round "2.4"]
[Board "7"]
[White "Yaver, Faik Emre"]
[Black "Akdogan, Alperen"]
[Result "1-0"]
[WhiteElo "2006"]
[BlackElo "1820"]
[WhiteTeam "Ankara Demirspor Kulubu"]
[BlackTeam "Turk Hava Yollari (Thy) Sports Club"]
[WhiteFideId "6329969"]
[BlackFideId "6347363"]
[EventDate "2015.08.04"]

1. e4 c6 2. d4 d5 3. Nc3 dxe4 4. Nxe4 Bf5 5. Ng3 Bg6 6. Bc4 e6 7. N1e2 Bd6 8.
O-O Nf6 9. f4 O-O 10. f5 exf5 11. Nxf5 Bxf5 12. Rxf5 Qc7 13. Qe1 Nbd7 14. Qh4
Rfe8 15. Bg5 Re4 16. Qh3 Rae8 17. Raf1 b5 18. Bd3 Rxe2 19. Bxe2 Rxe2 20. Bxf6
Nxf6 21. Rxf6 Bxh2+ 22. Kh1 gxf6 23. Qg4+ Kf8 24. Qxe2 Bf4 25. Qe4 Bg5 26. Qxh7
Qg3 27. Qh3 Qd6 28. Qh8+ Ke7 29. Re1+ Kd7 30. Qe8+ Kc7 31. Re7+ Kb6 32. Rd7 1-0

[Event "TCh-TUR Super League 2015"]
[Site "Kocaeli TUR"]
[Date "2015.08.05"]
[Round "2.4"]
[Board "8"]
[White "Kaymaz, Lena Nur"]
[Black "Sahin, Hayrun Nisa"]
[Result "0-1"]
[WhiteElo "1522"]
[BlackElo "1648"]
[WhiteTeam "Turk Hava Yollari (Thy) Sports Club"]
[BlackTeam "Ankara Demirspor Kulubu"]
[WhiteFideId "6359990"]
[BlackFideId "6380875"]
[EventDate "2015.08.04"]

1. d4 Nf6 2. c4 g6 3. Nc3 Bg7 4. e4 d6 5. f3 O-O 6. Be3 e5 7. Nge2 c6 8. Qd2
Nbd7 9. Rd1 a6 10. dxe5 Nxe5 11. Ng3 Be6 12. b3 Qa5 13. Be2 Rad8 14. O-O h5 15.
Bg5 Rd7 16. f4 Nh7 17. f5 Nxg5 18. Qxg5 Qxc3 19. fxe6 fxe6 20. Rxf8+ Kxf8 21.
Rf1+ Kg8 22. Bxh5 Qa5 23. Kh1 Rf7 24. Bxg6 Rxf1+ 25. Nxf1 Qxa2 26. Qd8+ Bf8 27.
Qg5 Qf2 28. Bf5+ Kf7 29. Qh5+ Ke7 30. Qg5+ Kd7 31. Bxe6+ Kxe6 32. Qc1 Nd3 33.
Qd1 Nf4 34. Qf3 Qxf3 35. gxf3 Ke5 36. Kg1 Ne2+ 37. Kf2 Nd4 38. b4 Nc2 39. h4
Nxb4 40. Ke3 Bh6+ 41. Ke2 Bf4 42. h5 Kf6 0-1

[Event "TCh-TUR Super League 2015"]
[Site "Kocaeli TUR"]
[Date "2015.08.05"]
[Round "2.6"]
[Board "2"]
[White "Ipatov, Alexander"]
[Black "Solak, Dragan"]
[Result "1/2-1/2"]
[WhiteTitle "GM"]
[BlackTitle "GM"]
[WhiteElo "2621"]
[BlackElo "2622"]
[WhiteTeam "Istanbul Technical University Sports Club"]
[BlackTeam "Besiktas Jimnastik Kulubu"]
[WhiteFideId "14116731"]
[BlackFideId "916811"]
[EventDate "2015.08.04"]

1. d4 d5 2. c4 c6 3. Nf3 Nf6 4. Nc3 dxc4 5. a4 Bf5 6. e3 e6 7. Bxc4 Nbd7 8. O-O
Bb4 9. Qe2 Bg6 10. e4 O-O 11. Bd3 Bh5 12. e5 Nd5 13. Nxd5 cxd5 14. Qe3 Re8 15.
Ng5 Bg6 16. Bxg6 fxg6 17. a5 Nf8 18. Qb3 Bxa5 19. Qxb7 Qc7 20. Qb5 1/2-1/2

[Event "TCh-TUR Super League 2015"]
[Site "Kocaeli TUR"]
[Date "2015.08.05"]
[Round "2.6"]
[Board "3"]
[White "Mamedov, Rauf"]
[Black "Can, Emre"]
[Result "1-0"]
[WhiteTitle "GM"]
[BlackTitle "GM"]
[WhiteElo "2651"]
[BlackElo "2547"]
[WhiteTeam "Besiktas Jimnastik Kulubu"]
[BlackTeam "Istanbul Technical University Sports Club"]
[WhiteFideId "13401653"]
[BlackFideId "6302181"]
[EventDate "2015.08.04"]

1. Nf3 d5 2. g3 g6 3. Bg2 Bg7 4. O-O e5 5. d3 Ne7 6. c4 d4 7. b4 O-O 8. Nbd2 a5
9. b5 c5 10. bxc6 Nexc6 11. Rb1 Na6 12. Ne1 Ncb4 13. a3 Nc6 14. Qa4 Qc7 15. Qb5
Rb8 16. Ne4 Bg4 17. Bf3 Bh3 18. Ng2 h6 19. Bd2 Qe7 20. c5 Nc7 21. Qa4 Ne8 22.
Rfc1 Bd7 23. Bxa5 f5 24. Nd2 Nf6 25. Bc7 e4 26. Bd6 Qe8 27. Bxb8 Nxb8 28. Qb3+
Be6 29. Qxb7 Bd5 30. Qc7 g5 31. Re1 Qc6 32. Qd6 Qxd6 33. cxd6 exf3 34. Nxf3 Nfd7
35. Rec1 Kf7 36. Nd2 Ke6 37. e4 dxe3 38. Nxe3 Ba8 39. Re1 Nc6 40. Rb5 f4 41.
Nf5+ Be5 42. Nxh6 Kxd6 43. Nc4+ Kc7 44. Rbxe5 Ndxe5 45. Nxe5 Nxe5 46. Rxe5 Rd8
47. Rc5+ Kb6 48. Rc3 Re8 49. Rc1 fxg3 50. fxg3 Re2 51. Ng4 Rg2+ 52. Kf1 Bf3 53.
Ne5 Bd5 54. Nd7+ Kb7 55. Rc5 1-0

[Event "TCh-TUR Super League 2015"]
[Site "Kocaeli TUR"]
[Date "2015.08.05"]
[Round "2.6"]
[Board "4"]
[White "Kinsiz, Onur"]
[Black "Atakisi, Umut"]
[Result "0-1"]
[BlackTitle "IM"]
[WhiteElo "2250"]
[BlackElo "2332"]
[WhiteTeam "Istanbul Technical University Sports Club"]
[BlackTeam "Besiktas Jimnastik Kulubu"]
[WhiteFideId "6301517"]
[BlackFideId "6301037"]
[EventDate "2015.08.04"]

1. e4 c5 2. Nf3 Nc6 3. Bb5 g6 4. Bxc6 bxc6 5. O-O Bg7 6. c3 Nh6 7. Re1 O-O 8. d4
cxd4 9. cxd4 f6 10. Nc3 d6 11. h3 Nf7 12. b3 f5 13. Bb2 e6 14. Qc2 Ng5 15. Nxg5
Qxg5 16. Rad1 f4 17. f3 e5 18. dxe5 Bxe5 19. Kh1 Qh4 20. Na4 Bxh3 21. gxh3 Qxh3+
22. Kg1 Qxf3 23. Bxe5 dxe5 24. Nc5 Rad8 25. Rxd8 Rxd8 26. Rf1 Qg3+ 27. Kh1 Rd4
28. b4 Qh3+ 29. Kg1 Qe3+ 30. Qf2 Qc3 31. Qf3 Qxb4 32. Qb3+ Qxb3 33. axb3 g5 34.
Ra1 g4 35. Rxa7 g3 36. Ne6 Rd1+ 37. Kg2 Rd2+ 38. Kh3 h6 39. Kg4 g2 40. Rg7+ Kh8
41. Kf3 Rd6 42. Kxg2 Rxe6 43. Rc7 Kg8 44. Kf2 h5 45. Kf3 Rg6 46. Re7 Rg5 47. b4
h4 48. Re6 h3 49. Rxc6 Kg7 50. Rc1 Rg3+ 51. Kf2 Rb3 52. Rc5 Rb1 0-1

[Event "TCh-TUR Super League 2015"]
[Site "Kocaeli TUR"]
[Date "2015.08.05"]
[Round "2.6"]
[Board "5"]
[White "Ozturk, Kubra"]
[Black "Asan, Elvan"]
[Result "1-0"]
[WhiteTitle "WGM"]
[WhiteElo "2240"]
[BlackElo "1810"]
[WhiteTeam "Besiktas Jimnastik Kulubu"]
[BlackTeam "Istanbul Technical University Sports Club"]
[WhiteFideId "6302599"]
[BlackFideId "6312209"]
[EventDate "2015.08.04"]

1. c4 Nf6 2. Nf3 g6 3. g3 Bg7 4. Bg2 O-O 5. O-O d5 6. d4 c6 7. cxd5 cxd5 8. Nc3
Nc6 9. Ne5 e6 10. Nxc6 bxc6 11. Bf4 Nh5 12. Qd2 Nxf4 13. gxf4 a5 14. Na4 Ba6 15.
Nc5 Qd6 16. Rfc1 Rfb8 17. e3 Bb5 18. a4 Bc4 19. Rc3 e5 20. fxe5 Bxe5 21. Bh3 f5
22. b3 Bxh2+ 23. Kg2 Ba6 24. f4 Bxf4 25. exf4 Re8 26. Re3 Re4 27. Nxe4 dxe4 28.
Rc3 Bd3 29. Kh1 Qxd4 30. Bf1 Qd5 31. Bxd3 exd3+ 32. Qg2 Qe4 33. Qxe4 fxe4 34.
Re1 d2 35. Rd1 Rd8 36. Re3 Rd4 37. Re2 Rd3 38. Rxe4 Rxb3 39. Rxd2 1-0